| 000 | 00731nam a22001577a 4500 | ||
|---|---|---|---|
| 008 | 140619b xxu||||| |||| 00| 0 eng d | ||
| 020 | _a8184110685 | ||
| 050 | _aPN4781.I57. I57 | ||
| 245 |
_aInvestigative journalism. / _cT. Rajsekhar |
||
| 260 |
_aNew Delhi: _bSonali Publications, _c2007. |
||
| 300 |
_a270p.; _c20cm. |
||
| 500 | _aInclude index | ||
| 505 | _aContents:Introduction -- Investigative reporting -- Famous investigative journalists -- Modern press and journalism concepts -- Media occupations -- Democracy and investigative journalism -- The Secret mission -- History of news paper -- The News fundamentals -- Press freedom and natural law -- The Press and the people. | ||
| 700 | _aRajsekhar, T | ||
| 942 |
_2lcc _cBK |
||
| 999 |
_c3044 _d10544 |
||